Top 40 Paul McCartney Solo/Wings Songs - Statistics

General Stats
  • This quiz has been taken 244 times
  • The average score is 18 of 40
Answer Stats
# Song Album Year % Correct
2 Band On The Run Band on the Run 1973
97%
1 Maybe I'm Amazed McCartney 1970
85%
6 Jet Band on the Run 1973
84%
15 Silly Love Songs Wings at the Speed of Sound 1976
82%
5 Uncle Albert/Admiral Halsey Ram 1971
74%
4 Live And Let Die N/A 1973
68%
10 Venus And Mars / Rock Show Venus and Mars 1975
65%
18 Coming Up McCartney II 1980
63%
9 Another Day N/A 1971
59%
31 Say Say Say Pipes of Peace 1983
58%
12 Let Me Roll It Band on the Run 1973
53%
38 Mull of Kintyre N/A 1977
53%
3 Too Many People Ram 1971
53%
14 Bluebird Band on the Run 1973
50%
19 With A Little Luck London Town 1978
50%
23 Listen To What The Man Said Venus and Mars 1975
48%
16 Nineteen Hundred And Eighty Five Band on the Run 1973
48%
7 Junk McCartney 1970
47%
34 The Back Seat Of My Car Ram 1971
44%
20 Here Today Tug of War 1982
43%
8 Hi, Hi, Hi N/A 1972
42%
13 Every Night McCartney 1970
41%
32 Flaming Pie Flaming Pie 1997
41%
17 Junior's Farm N/A 1974
40%
25 Waterfalls McCartney II 1980
40%
22 Monkberry Moon Delight Ram 1971
39%
37 Temporary Secretary McCartney II 1980
38%
26 Heart Of The Country Ram 1971
37%
28 Goodnight Tonight N/A 1979
31%
11 Beware My Love Wings at the Speed of Sound 1976
29%
30 Fine Line Chaos and Creation in the Backyard 2005
28%
33 Magneto And Titanium Man Venus and Mars 1975
28%
40 Ever Present Past Memory Almost Full 2007
25%
36 I've Had Enough London Town 1978
25%
24 Hope Of Deliverance Off the Ground 1993
24%
21 You Gave Me The Answer Venus and Mars 1975
23%
27 Angry Press to Play 1986
19%
35 Early Days New 2013
19%
29 FourFiveSeconds N/A 2015
19%
39 Riding To Vanity Fair Chaos and Creation in the Backyard 2005
16%
No matching quizzes found
Score Distribution
Percent of People with Each Score
Percentile by Number Answered
Your Score History
You have not taken this quiz